Quantification of longevity risk for pension insurance in V4 Countries
Analýza dlhovekosti v krajinách Vyšehradskej skupiny – Česká republika, Maďarsko, Poľsko a Slovensko.
Saved in:
| Main Author: | |
|---|---|
| Format: | Book Chapter |
| Language: | English |
| Subjects: | |
| Tags: |
No Tags, Be the first to tag this record!
|
MARC
| LEADER | 00000naa a2200000 4500 | ||
|---|---|---|---|
| 001 | 0237071 | ||
| 005 | 20220805075524.5 | ||
| 041 | 0 | |a eng | |
| 044 | |a SK | ||
| 245 | 1 | 0 | |a Quantification of longevity risk for pension insurance in V4 Countries |c Ján Gogola |
| 520 | |a Analýza dlhovekosti v krajinách Vyšehradskej skupiny – Česká republika, Maďarsko, Poľsko a Slovensko. | ||
| 610 | 2 | 0 | |a Vyšehradská štvorka |
| 610 | 2 | 0 | |a riziko poistné |
| 610 | 2 | 0 | |a úmrtnosť |
| 610 | 2 | 0 | |a vek dôchodkový |
| 610 | 2 | 0 | |a poistenie životné |
| 610 | 2 | 0 | |a poistenie dôchodkové |
| 100 | 1 | |a Gogola, Ján, 1977- | |